Sports Quiz

Random Sports or Clickable Quiz

You Make The Rules: Tennis Quiz Stats

 Plays Quiz Updated Jan 19, 2019

     
Support Sporcle.
Go Orange.
Score 0/20 Timer 04:00
0 Plays Today
% Correct
bounces
88.3%
set
86.8%
medical
86.8%
net
86.7%
Deuce
85.7%
ready
85.7%
advice
85.6%
wearing
85.4%
rectangle
85.4%
deliberate
83.5%
% Correct
seams
82.7%
broken
82.5%
law
82.4%
change
81.5%
advertising
81.2%
head
81.1%
fault
80.7%
diagonally
78%
bounded
71.6%
warm-up
70.8%

From the Vault

This Is Spinal Tap: 'These Go to Eleven'

by needapausebutton

Movies 11m
Have...a good time...all the time.
Remove Ads.
Support Sporcle.
Get the best of Sporcle when you Go Orange. This ad-free experience offers more features, more stats, and more fun while also helping to support Sporcle. Thank you for becoming a member.

Show Comments

Extras

Top Quizzes Today


Score Distribution

Your Account Isn't Verified!

In order to create a playlist on Sporcle, you need to verify the email address you used during registration. Go to your Sporcle Settings to finish the process.

Report this User

Report this user for behavior that violates our Community Guidelines.

Details: